<?xml version="1.0" encoding="UTF-8"?>
<record
    xmlns:xsi="http://www.w3.org/2001/XMLSchema-instance"
    xsi:schemaLocation="http://www.loc.gov/MARC21/slim http://www.loc.gov/standards/marcxml/schema/MARC21slim.xsd"
    xmlns="http://www.loc.gov/MARC21/slim">

  <leader>00308nam a22001217a 4500</leader>
  <datafield tag="999" ind1=" " ind2=" ">
    <subfield code="c">48831</subfield>
    <subfield code="d">48831</subfield>
  </datafield>
  <datafield tag="082" ind1=" " ind2=" ">
    <subfield code="a">891.4391</subfield>
  </datafield>
  <datafield tag="245" ind1=" " ind2=" ">
    <subfield code="a">Jughrafey Key Ma'toob</subfield>
    <subfield code="c">Anwer Sen Roy</subfield>
  </datafield>
  <datafield tag="260" ind1=" " ind2=" ">
    <subfield code="a">Karachi</subfield>
    <subfield code="b">Scheherzade</subfield>
    <subfield code="c">2016</subfield>
  </datafield>
  <datafield tag="300" ind1=" " ind2=" ">
    <subfield code="a">421 Pages</subfield>
    <subfield code="b">22x14 cm</subfield>
    <subfield code="b">HB</subfield>
  </datafield>
  <datafield tag="650" ind1=" " ind2=" ">
    <subfield code="a">Urdu Poetry</subfield>
  </datafield>
  <datafield tag="700" ind1=" " ind2=" ">
    <subfield code="a">Adaptations By Anwer Sen Roy</subfield>
  </datafield>
  <datafield tag="942" ind1=" " ind2=" ">
    <subfield code="c">BK</subfield>
  </datafield>
  <datafield tag="952" ind1=" " ind2=" ">
    <subfield code="0">0</subfield>
    <subfield code="1">0</subfield>
    <subfield code="4">0</subfield>
    <subfield code="6">891_439100000000000_A637J_2016</subfield>
    <subfield code="7">0</subfield>
    <subfield code="8">NFIC</subfield>
    <subfield code="9">47470</subfield>
    <subfield code="a">GPL</subfield>
    <subfield code="b">GPL</subfield>
    <subfield code="c">GEN</subfield>
    <subfield code="d">2018-06-10</subfield>
    <subfield code="e">CRV/GPLM/Donation/50/2018</subfield>
    <subfield code="g">600.00</subfield>
    <subfield code="o">891.4391 A637J 2016</subfield>
    <subfield code="p">52872</subfield>
    <subfield code="r">2018-06-10</subfield>
    <subfield code="w">2018-06-10</subfield>
    <subfield code="y">BK</subfield>
  </datafield>
</record>
